| 000 | 00413nam a2200157Ia 4500 | ||
|---|---|---|---|
| 008 | 221030s9999 xx 000 0 und d | ||
| 020 | _a8177001976 | ||
| 041 | _aEnglish | ||
| 100 | _aT. N. Chhabra | ||
| 245 | 0 |
_aHuman Resource Management - Concepts & Issues _cby T. N. Chhabra |
|
| 250 | _a6th Rev. | ||
| 260 |
_bDhanpat Rai & Co _aNew Delhi _c2018 |
||
| 300 | _a828 | ||
| 650 | _aBE Management | ||
| 942 | _cBK | ||
| 999 |
_c18257 _d18257 |
||